La pena de muerte
Tallennettuna:
| Päätekijä: | |
|---|---|
| Aineistotyyppi: | Kirja |
| Kieli: | espanja |
| Julkaistu: |
Barcelona
Ediciones G. P
1962
|
| Painos: | 1a. ed |
| Aiheet: | |
| Tagit: |
Lisää tagi
Ei tageja, Lisää ensimmäinen tagi!
|
MARC
| LEADER | 00000cam a2200000 a 4500 | ||
|---|---|---|---|
| 001 | UCC5765 | ||
| 003 | CL-VaPUC | ||
| 008 | 181026e19620000sp |||||||||||||||||spa|d | ||
| 082 | 0 | 4 | |a 364.66 |b COR |2 21 |
| 100 | 0 | |a Corniero, Alejandro |e author |9 600121 | |
| 245 | 1 | 3 | |a La pena de muerte |
| 250 | |a 1a. ed | ||
| 300 | |a 78 p | ||
| 942 | |c BK | ||
| 945 | |d 20181026 16:22:00 |a dcastane | ||
| 260 | |a Barcelona |b Ediciones G. P |c 1962 | ||
| 650 | 0 | |a Pena de muerte |9 256612 | |
| 650 | 0 | |a Responsabilidad penal |9 254899 | |
| 583 | |a last modification |c 20181026 16:22:00 |k Rodrigo Vera | ||
| 999 | |c 372879 |d 372877 | ||
| 952 | |0 0 |1 0 |2 ddc |3 erb |4 0 |6 364_660000000000000_COR_1962 |7 0 |8 A |9 490753 |a BIBDER |b BIBDER |e Mateluna Arestizabal, Alfredo Sergio |i 5491649 |l 3 |m 3 |o 364.66 COR 1962 |p 5491649 |r 2024-03-04 |s 2023-06-19 |w 2019-11-24 |y MX |z Catalogado en:20181026 |k DER | ||